000 00582nam a22002297a 4500
003 UA-OsUOA
001 49416
007 ta
008 20071004b un ||||| |||| 00| 0 ukr d
100 _aЧабаненко І.
090 _a82-01
_bЧ-12
942 _cBK
040 _aUA-OsUOA
_brus
_cUA-OsUOA
_dUA-OsUOA
245 _aДекілька поетичних творів
300 _a153 с.
955 _a3
041 _arus
080 _a82-01
260 _aК.
_c2001
650 7 _a82 Література. Літературознавство
_2UDC
999 _c335521
_d335521